| 000 | 00434nam a2200181Ia 4500 | ||
|---|---|---|---|
| 008 | 210210b1909 xxu||||| |||| 00| 0 eng d | ||
| 041 | _aeng | ||
| 082 | _a825/273 | ||
| 100 | _aDOWDEN (E) | ||
| 245 | _aStudies in literature 1789-1877 | ||
| 260 |
_aLondon _bKegan Paul trench & Co _c1909 |
||
| 650 | _aStudies | ||
| 650 | _aliterature | ||
| 650 | _ain | ||
| 650 | _a1789-1877 | ||
| 690 | _aEnglish Criticism | ||
| 906 | _a014590 | ||
| 999 |
_c133781 _d133781 |
||